Memory Crash : Politics of History in and Around Ukraine, 1980s-2010s.

Bibliographic Details
Main Author: Kasianov, Georgiy.
Format: eBook
Language:English
Published: Budapest : Central European University Press, 2022.
Edition:1st ed.
Series:Historical Studies in Eastern Europe and Eurasia Series
Subjects:
Online Access:Click to View
LEADER 02117nam a22003853i 4500
001 EBC6846445
003 MiAaPQ
005 20231204023220.0
006 m o d |
007 cr cnu||||||||
008 231204s2022 xx o ||||0 eng d
020 |a 9789633863817  |q (electronic bk.) 
035 |a (MiAaPQ)EBC6846445 
035 |a (Au-PeEL)EBL6846445 
035 |a (OCoLC)1293255780 
040 |a MiAaPQ  |b eng  |e rda  |e pn  |c MiAaPQ  |d MiAaPQ 
050 4 |a DK508.846 
100 1 |a Kasianov, Georgiy. 
245 1 0 |a Memory Crash :  |b Politics of History in and Around Ukraine, 1980s-2010s. 
250 |a 1st ed. 
264 1 |a Budapest :  |b Central European University Press,  |c 2022. 
264 4 |c Ã2022. 
300 |a 1 online resource (424 pages) 
336 |a text  |b txt  |2 rdacontent 
337 |a computer  |b c  |2 rdamedia 
338 |a online resource  |b cr  |2 rdacarrier 
490 1 |a Historical Studies in Eastern Europe and Eurasia Series 
505 0 |a Cover -- Front matter -- Series title page -- Title page -- Copyright page -- Contents -- Tables -- Preface -- Part I. CONCEPTS AND CONTEXTS -- Chapter 1. Notions and Definitions -- Chapter 2. Contexts -- Part II. ACTORS -- Chapter 3. State Institutions -- Chapter 4. Non-governmental Organizations -- Chapter 5. Historians -- PART III. PRACTICES -- Chapter 6. Historical Politics: An Overview -- Chapter 7. Spaces of Memory -- Chapter 8. Historical Politics: Beyond Borders -- Conclusions -- Selected Bibliography -- Index -- Back cover. 
588 |a Description based on publisher supplied metadata and other sources. 
590 |a Electronic reproduction. Ann Arbor, Michigan : ProQuest Ebook Central, 2023. Available via World Wide Web. Access may be limited to ProQuest Ebook Central affiliated libraries.  
655 4 |a Electronic books. 
776 0 8 |i Print version:  |a Kasianov, Georgiy  |t Memory Crash  |d Budapest : Central European University Press,c2022 
797 2 |a ProQuest (Firm) 
830 0 |a Historical Studies in Eastern Europe and Eurasia Series 
856 4 0 |u https://ebookcentral.proquest.com/lib/matrademy/detail.action?docID=6846445  |z Click to View